000 00412nam a2200145Ia 4500
008 231217s9999 xx 000 0 und d
041 _aEnglish
082 _a658.4093 REY;2
100 _aReynolds, HelenTramel, Mary E
245 0 _aExecutive time management : Getting 12 hours work out of an 8 hour day
260 _c1994
_bMumbai : Jaico,
300 _axiv+174
650 _aTime management
942 _cAA
999 _c167526
_d167526